Vuosikirja 2003 year book tilastot statistics 2002

Gespeichert in:
Bibliographische Detailangaben
Format: Buch
Sprache:Finnisch
Englisch
Veröffentlicht: Helsinki Teknologiateollisuus ry [2003]
Schlagworte:
Tags: Tag hinzufügen
Keine Tags, Fügen Sie das erste Tag hinzu!

MARC

LEADER 00000nam$a2200000$$$4500
001 0024667
005 20240318114744.9
041 0 |a fin 
041 0 |a eng 
044 |a FI 
245 1 0 |a Vuosikirja 2003 year book  |b tilastot statistics 2002 
264 1 |a Helsinki  |b Teknologiateollisuus ry  |c [2003] 
300 |a 56 s. 
610 2 0 |a elektronika 
610 2 0 |a elektrotechnika 
610 2 0 |a priemysel 
610 2 0 |a mechanika jemná 
610 2 0 |a kovy 
610 2 0 |a technológia 
610 2 0 |a politika finančná 
610 2 0 |a investície 
610 2 0 |a materiál 
610 2 0 |a obchod zahraničný 
610 2 0 |a vývoz 
610 2 0 |a práca 
610 2 0 |a Fínsko